| 000 | 01308nam a2200349 c 4500 | ||
|---|---|---|---|
| 003 | BLK | ||
| 005 | 20180420222703.0 | ||
| 008 | 180408b bul|||||r ||||||| ||bul|| | ||
| 010 | _aKNG00061470000 | ||
| 040 | _aBLK | ||
| 041 |
_aBUL _cBUL |
||
| 080 |
_aБолести и неприятели по лозите и борба с тях _b634.8:632 _x _z634.8:632 |
||
| 100 | 1 |
_aРайков, Емил Б. _eпърви автор _9287635 |
|
| 700 | 1 |
_aНачев, Петър Д. _eсъавт. _9287636 |
|
| 139 |
_aРайков, Емил Б. и др. _bР 27 |
||
| 245 | 1 | 0 |
_aБолести и неприятели по лозата _cЕмил Б. Райков; съавт. Петър Д. Начев. |
| 250 | _a3. прераб. и доп. изд. | ||
| 257 | _aBGR | ||
| 260 |
_аСофия _bЗемиздат _c1971 |
||
| 300 |
_a200 с. _bс ил., 8 л. : ил. _c20 см |
||
| 380 | _a63 | ||
| 500 | _aБиблиогр. с. 196-197. | ||
| 504 | _a196-197 | ||
| 650 | 4 |
_aЛоза - болести и вредители - методи за борба _9247980 |
|
| 653 | _aлози | ||
| 653 | _aболести по растенията | ||
| 852 | _aЦб 57999 | ||
| 856 | 4 |
_qpdf _u |
|
| 856 | 4 |
_qpdf _u |
|
| 942 |
_cKNG _n0 |
||
| 944 |
_aCR _c13.06.2004 _kЛюдмила_Стоянова |
||
| 944 |
_aED _c30.03.2018 _kКети_Илиева |
||
| 999 |
_c57467 _d57467 |
||